Distortion and stress : a mechanical designers' workbook (Record no. 65022)

000 -LEADER
fixed length control field 00486nam a22001817a 4500
003 - CONTROL NUMBER IDENTIFIER
control field NUST - PNEC
005 - DATE AND TIME OF LATEST TRANSACTION
control field 20170116180903.0
008 - FIXED-LENGTH DATA ELEMENTS--GENERAL INFORMATION
fixed length control field 150902b xxu||||| |||| 00| 0 eng d
020 ## - INTERNATIONAL STANDARD BOOK NUMBER
International Standard Book Number 007056924X
020 ## - INTERNATIONAL STANDARD BOOK NUMBER
International Standard Book Number 0070568928
040 ## - CATALOGING SOURCE
Transcribing agency LIBRARY
082 ## - DEWEY DECIMAL CLASSIFICATION NUMBER
Classification number 621.815 SHI
100 ## - MAIN ENTRY--PERSONAL NAME
9 (RLIN) 6494
Personal name Shigley, Joseph E.
245 ## - TITLE STATEMENT
Title Distortion and stress : a mechanical designers' workbook
Statement of responsibility, etc. Joseph E. Shigley
260 ## - PUBLICATION, DISTRIBUTION, ETC.
Date of publication, distribution, etc. c.1990
650 ## - SUBJECT ADDED ENTRY--TOPICAL TERM
9 (RLIN) 6495
Topical term or geographic name entry element Machine design
General subdivision ME
942 ## - ADDED ENTRY ELEMENTS (KOHA)
Source of classification or shelving scheme
Koha item type Book
Holdings
Withdrawn status Lost status Source of classification or shelving scheme Damaged status Not for loan Permanent Location Current Location Shelving location Date acquired Total Checkouts Full call number Barcode Date last seen Price effective from Koha item type
          Pakistan Navy Engineering College (PNEC) Pakistan Navy Engineering College (PNEC)       621.815 SHI PNECLIB-015818 09/02/2015   Book
          Pakistan Navy Engineering College (PNEC) Pakistan Navy Engineering College (PNEC)       621.815 SHI PNECLIB-015819 09/02/2015   Book
© 2023 Central Library, National University of Sciences and Technology. All Rights Reserved.